000 01422cam a2200361 a 4500
001 13214880
003 OSt
005 20140310181631.0
008 030527s2003 oru b 000 0 eng
010 _a 2003269732
020 _a1590521358
040 _aDLC
_cDLC
_dDLC
050 0 0 _aHQ 801
_b.H313 2003
082 0 4 _aTR 306.73
_bH24 2004
100 1 _aHarris, Joshua.
245 1 0 _aI kissed dating goodbye /
_cJoshua Harris.
250 _aNew updated ed.
260 _aSisters, Or. :
_bMultnomah Publishers,
_cc2003.
300 _a221 p. ;
_c21 cm.
504 _aIncludes bibliographical references (p. 219-221).
520 _a1. Dating. (social customs) 2. Dating. (social customs)--Religious aspects.--Christianity. 3. Man.--Woman relationships.
521 _aFaculty
541 _j1
562 _eFor circulation 1 copy in the collection
650 0 _aDating (Social customs)
650 0 _aDating (Social customs)
_xReligious aspects
_xChristianity.
650 0 _aMan-woman relationships.
856 4 2 _3Contributor biographical information
_uhttp://www.loc.gov/catdir/enhancements/fy0729/2003269732-b.html
856 4 2 _3Publisher description
_uhttp://www.loc.gov/catdir/enhancements/fy0729/2003269732-d.html
906 _a7
_bcbc
_corigcop
_d2
_encip
_f20
_gy-gencatlg
942 _2lcc
_cBK-TR
_kTR
999 _c523
_d523